Os grandes vinhos portugueses (Registo nº 197344)
[ vista simples ]
| 000 -Etiqueta do registo | |
|---|---|
| Valores | 00598nam 22002053 4500 |
| 010 ## - Número ISBN | |
| ISBN | 972-8423-08-5 |
| 021 ## - Número do Depósito Legal | |
| Código do país | Portugal |
| Número | 118233/97 |
| 100 ## - Dados gerais de processamento | |
| Dados gerais | 20250717d u||y0pory50 ba |
| 200 ## - Titulo e menção de responsabilidade | |
| Título próprio | Os grandes vinhos portugueses |
| Primeira menção de responsabilidade | José A. Salvador |
| 210 ## - Publicação | |
| Local de publicação | Lisboa |
| Nome do editor | Cotovia |
| Data de publicação | imp. 1997 |
| 215 ## - Descrição física | |
| Paginação / Volumes | 149, [2] p. |
| Dimensões | 31 cm |
| Outras indicações físicas | il. ; encadernado |
| 300 ## - Notas gerais | |
| Texto da nota | vinhos do Alentejo |
| 606 ## - Nome comum usado como assunto | |
| ID Autoridade | 8086 |
| Palavra de ordem | Vinhos. Produção de vinhos. Enologia |
| 675 ## - CDU | |
| Notação | 663.2 |
| Edição | PT |
| Língua | por |
| 700 ## - Autor principal (pessoa individual) | |
| ID Autoridade | 13429 |
| Apelido | Salvador |
| Nome | José A. |
| Datas | 1947- |
| 801 ## - Fonte de origem | |
| País | PT |
| Agência | BMMN |
| Regras de catalogação | RPC |
| 830 ## - Notas gerais do catalogador | |
| Criado por | Vanda |
| 990 ## - Elementos KOHA | |
| Tipo de documento | Livro |
| Situação do levantamento | Biblioteca de origem | Código de barras | Cota | Permissão de empréstimo | Tipo de documento | Forma de aquisição |
|---|---|---|---|---|---|---|
| Biblioteca Municipal de Montemor-o-Novo | 25421 | 663.2 SAL|LG | Livro | Compra |